Statistiken für Gemeinden Landkreis Neustadt an der Aisch-Bad Windsheim

Klicken Sie hier um das Quiz zu spielen!

Allgemein

  • Dieses Quiz wurde 18 mal gespielt
  • Das Durchschnittsergebnis liegt bei 29 aus 38

Antwortstatistiken

EinwohnerGemeindeartGemeinde% Korrekt
12.369StadtBad Windsheim
100%
5.672MarktMarkt Erlbach
100%
13.259Stadt, KreisstadtNeustadt an der Aisch
100%
6.502StadtUffenheim
100%
6.081MarktEmskirchen
92%
2.175MarktNeuhof an der Zenn
92%
4.724StadtScheinfeld
92%
3.342StadtBurgbernheim
85%
2.166MarktIpsheim
85%
1.127MarktMarkt Nordheim
85%
2.641MarktObernzenn
85%
926GemeindeSimmershofen
85%
2.324MarktSugenheim
85%
1.184MarktBaudenbach
77%
1.809MarktDachsbach
77%
3.812GemeindeDiespeck
77%
860GemeindeGollhofen
77%
928GemeindeIllesheim
77%
1.098MarktIppesheim
77%
1.056GemeindeLangenfeld
77%
1.893MarktMarkt Bibart
77%
708GemeindeObericklesheim
77%
1.132MarktOberscheinfeld
77%
1.304GemeindeTrautskirchen
77%
3.001MarktUehlfeld
77%
1.043GemeindeErgersheim
69%
800GemeindeGallmersgarten
69%
641GemeindeHemmersheim
69%
1.584MarktMarktbergel
69%
956GemeindeWeigenheim
69%
1.517GemeindeWilhelmsdorf
69%
2.583MarktBurghaslach
62%
2.491GemeindeGerhardshofen
62%
1.278GemeindeGutenstetten
62%
2.203GemeindeDietersheim
54%
1.524GemeindeHagenbüchach
54%
989MarktMarkt Taschendorf
54%
1.312GemeindeMünchsteinach
54%

Verteilung der Resultate

Perzentil nach korrekt beantworteten Fragen

Anzahl Personen mit jedem Resultat

Ihre Resultats-Entwicklung

Sie haben dieses Quiz noch nicht gespielt